Vista normal
Vista MARC
Entrada Topical Term
Número de registros utilizados en: 4
001 - CONTROL NUMBER
- control field: 3095
003 - CONTROL NUMBER IDENTIFIER
- control field: AR-BaISA
005 - DATE AND TIME OF LATEST TRANSACTION
- control field: 20231003164715.0
008 - FIXED-LENGTH DATA ELEMENTS
- fixed length control field: 231003|| aca||babn | a|a d
040 ## - CATALOGING SOURCE
- Original cataloging agency: AR-BaISA
150 1# - HEADING--TOPICAL TERM
- Topical term or geographic name entry element: Planificación urbana




